000 00588nam a22001577a 4500
003 macl
005 20191016124047.0
008 191016b xxu||||| |||| 00| 0 eng d
040 _cmacl
082 _a800
100 _aगुप्‍त ,डॉ लालचन्‍द
_976966
245 _aहिन्‍दी साहित्‍य का इतिहास
260 _aदिल्‍ली
_bनिर्मल पब्लिशिंग हाउस
_c2016
650 _aहिन्‍दी साहित्‍य का इतिहास
_936757
942 _2ddc
_cHIN
999 _c61214
_d61214